| 000 | 00483nam a2200193Ia 4500 | ||
|---|---|---|---|
| 003 | 0100 | ||
| 008 | 130303s9999 xx 000 0 und d | ||
| 040 | _cARRUPELIB | ||
| 050 | _aBD111.D7 1962 | ||
| 245 | 2 | _aA modern introduction to metaphysics | |
| 245 | _breadings from classical and contemporary sources | ||
| 260 | _aNew York | ||
| 260 | _bThe Free Press | ||
| 260 | _C1962 | ||
| 300 | _axxv | ||
| 300 | _b 738p. 24cm. | ||
| 700 | _aDrennen, D. A. (ed.) | ||
| 942 | 0 | 0 | _01 |
| 999 |
_c44404 _d44404 |
||